| 000 | 00567cam a22002291 4500 | ||
|---|---|---|---|
| 001 | sa 65009671 | ||
| 003 | DLC | ||
| 005 | 20260227112203.0 | ||
| 008 | 940527s1963 ii ac 000 0 kano | ||
| 010 | _asa 65009671 | ||
| 025 | _aPL480:I-Kan-633 | ||
| 035 | _a(OCoLC)30507594 | ||
| 040 |
_aDLC _cCU _dCU _dDLC |
||
| 042 | _apremarc | ||
| 050 | 0 | 0 |
_aT39 _b.W27 |
| 100 | 1 |
_aWarty, Anand, _d1937- |
|
| 245 | 1 | 0 | _aSaṃśōdhakara savigategaḷu. |
| 260 | _c[1963] | ||
| 300 |
_avi, 144 p. _bill., ports. _c18 cm. |
||
| 500 | _aIn Kannada. | ||
| 650 | 0 | _aInventors. | |
| 999 |
_c66346 _d66346 |
||